| 000 | 00375nam a2200145 a 4500 | ||
|---|---|---|---|
| 005 | 20140414093836.0 | ||
| 008 | 030611s19uu xx 00 eng d | ||
| 050 |
_aCDR 700 _bHom 2000c2 |
||
| 245 |
_aHome publishing suite 2000. Disc 1 : _bsetup, art, program and designs. |
||
| 500 | _a(Disc 1) | ||
| 650 | _aCD-ROM. | ||
| 650 | _aArt. | ||
| 942 | _cAVM | ||
| 999 |
_c109047 _d109047 |
||